000 00229nam a2200109Ia 4500
100 _aAggarwal/R.S
942 _cBK
245 _aAdvanced objective general knowledge
260 _bS.Chand
_c2017
546 _aENGLISH
999 _c32146
_d32146